LEADER 01422nam1-22003851n-450- 001 990001237130203316 005 20091119151306.0 010 $a88-14-08682-6 035 $a000123713 035 $aUSA01000123713 035 $a(ALEPH)000123713USA01 035 $a000123713 100 $a20031104-2000----m||y0itay0103----ba 101 0 $aita 102 $aIT 105 $ay|||z|||001yy 200 1 $aDal sistema burocratico alla cultura della qualità nelle amministrazioni pubbliche$emodelli di analisi e strumenti operativi$fMariacristina Bonti 210 $aMilano$cGiuffrè$d2000 215 $aXX, 298 p.$d24 cm 225 2 $aCollana di studi economico-aziendali$hN.S.$v39 410 0$12001$aCollana di studi economico-aziendali$hN.S.$v39 606 0 $aAmministrazione pubblica$xGestione$xControllo 606 0 $aAmministrazione pubblica$xServizi$xControllo di qualità 676 $a350.0075 700 1$aBONTI,$bMariacristina$0479448 801 0$aIT$bsalbc$gISBD 912 $a990001237130203316 951 $aXXX.B. Coll. 10/ 41 (COLL ECV 39)$b11258 E.C.$cXXX.B. Coll. 10/ 41 (COLL ECV)$d00086710 959 $aBK 969 $aECO 979 $aRENATO$b90$c20031104$lUSA01$h1129 979 $aPATRY$b90$c20040406$lUSA01$h1728 979 $aRSIAV3$b90$c20091119$lUSA01$h1513 996 $aDal sistema burocratico alla cultura della qualità nelle amministrazioni pubbliche$9734852 997 $aUNISA LEADER 05447nam 2200649Ia 450 001 9910778200003321 005 20230721022311.0 010 $a1-282-59448-6 010 $a9786612594489 010 $a90-420-2910-2 010 $a1-4416-1702-7 024 7 $a10.1163/9789042029101 035 $a(CKB)1000000000786572 035 $a(EBL)556907 035 $a(OCoLC)659500224 035 $a(SSID)ssj0000414967 035 $a(PQKBManifestationID)11290029 035 $a(PQKBTitleCode)TC0000414967 035 $a(PQKBWorkID)10410306 035 $a(PQKB)11508458 035 $a(MiAaPQ)EBC556907 035 $a(nllekb)BRILL9789042029101 035 $a(Au-PeEL)EBL556907 035 $a(CaPaEBR)ebr10380537 035 $a(CaONFJC)MIL259448 035 $a(EXLCZ)991000000000786572 100 $a20090703d2009 uy 0 101 0 $aeng 135 $aur|n|---||||| 181 $ctxt 182 $cc 183 $acr 200 10$aCorpora$b[electronic resource] $epragmatics and discourse : papers from the 29th International Conference on English Language Research on Computerized Corpora (ICAME 29), Ascona, Switzerland, 14-18 May 2008 /$fedited by Andreas H. Jucker, Daniel Schreier and Marianne Hundt 210 $aAmsterdam ;$aNew York, NY $cRodopi$d2009 215 $a1 online resource (529 p.) 225 1 $aLanguage and computers ;$vno. 68 300 $aDescription based upon print version of record. 311 $a90-420-2592-1 320 $aIncludes bibliographical references and index. 327 $tPreliminary material /$rEditors Corpora: Pragmatics and Discourse -- $tCorpus linguistics, pragmatics and discourse /$rAndreas H. Jucker , Daniel Schreier and Marianne Hundt -- $tHistorical corpus pragmatics: Focus on speech acts and texts /$rThomas Kohnen -- $tThe pragmatics of knowledge and meaning: Corpus linguistic approaches to changing thought-styles in early modern medical discourse /$rIrma Taavitsainen -- $tA diachronic perspective on changing routines in texts /$rTanja Rütten -- $tFriends will be ?friends?? The sociopragmatics of referential terms in early English letters /$rMinna Nevala -- $tSelf-reference and mental processes in early English personal correspondence: A corpus approach to changing patterns of interaction /$rMinna Palander-Collin -- $tSort of and kind of in political discourse: Hedge, head of NP or contextualization cue? /$rAnita Fetzer -- $t?So er I just sort I dunno I think it?s just because??: A corpus study of I don?t know and dunno in learners? spoken English /$rKarin Aijmer -- $tOn the face of it: How recurrent phrases organize text /$rMagnus Levin and Hans Lindquist -- $tResearch on fiction dialogue: Problems and possible solutions /$rKarin Axelsson -- $tEstablishing the EU: The representation of Europe in the press in 1993 and 2005 /$rAnna Marchi and Charlotte Taylor -- $tA nightmare of a trip, a gem of a hotel: The study of an evaluative and descriptive frame /$rStephen Coffey -- $tDistinctive words in academic writing: A comparison of three statistical tests for keyword extraction /$rMagali Paquot and Yves Bestgen -- $tOn the phraseology of Chinese learner spoken English: Evidence of lexical chunks from COLSEC /$rNaixing Wei -- $tFrequency of nominalization in Early Modern English medical writing /$rJukka Tyrkkö and Turo Hiltunen -- $tMay: The social history of an auxiliary /$rArja Nurmi -- $tGo to V: Literal meaning and metaphorical extensions /$rSara Gesuato -- $tPassive constructions in Fiji English: A corpus-based study /$rCarolin Biewer -- $tSubordinating conjunctions in Middle English and Early Modern English religious writing /$rIngvilt Marcoe -- $tA contrastive look at English and Dutch (negative) imperatives /$rDaniël Van Olmen -- $tCaribbean ICE corpora: Some issues for fieldwork and analysis /$rDagmar Deuber -- $tDigital Editions for Corpus Linguistics: Representing manuscript reality in electronic corpora /$rAlpo Honkapohja , Samuli Kaislaniemi and Ville Marttila -- $tParser-based analysis of syntax-lexis interactions /$rHans Martin Lehmann and Gerold Schneider -- $tIndex /$rEditors Corpora: Pragmatics and Discourse. 330 $aThis volume presents current state-of-the-art discussions in corpus-based linguistic research of the English language. The papers deal with Present-day English, worldwide varieties of English and the history of the English language. A special focus of the volume are studies in the broad field of corpus pragmatics and corpus-based discourse analysis. It includes corpus-based studies of speech acts, conversational routines, referential expressions and thought styles, as well as studies on the lexis, grammar and semantics of English. And it also includes several studies on technical aspects of corpus compilation, fieldwork and parsing. 410 0$aLanguage and computers ;$vno. 68. 606 $aCorpora (Linguistics)$vCongresses 606 $aEnglish language$xDiscourse analysis$xData processing$vCongresses 615 0$aCorpora (Linguistics) 615 0$aEnglish language$xDiscourse analysis$xData processing 676 $a420.285 701 $aHundt$b Marianne$01477795 701 $aJucker$b Andreas H$0176829 701 $aSchreier$b Daniel$f1971-$01481877 801 0$bMiAaPQ 801 1$bMiAaPQ 801 2$bMiAaPQ 906 $aBOOK 912 $a9910778200003321 996 $aCorpora$93699149 997 $aUNINA